Adaptació a l'exercici de 1932 del pressupost de l'extingida Diputació de Barcelona per a 1931, segons ha estat modificat per acord de la Diputació provisional, de 30 de desembre de 1931 / Generalitat de Catalunya
Descripción Física:
445 p. ; 22 cm
MARC
| LEADER | 00000nam a2200000Ia 4500 | ||
|---|---|---|---|
| 001 | 607 | ||
| 008 | 160829s1932 xx 000 0 cat d | ||
| 080 | |a M-3-168 | ||
| 110 | 1 | |a Catalunya. |b Generalitat |9 12125 | |
| 245 | |a Adaptació a l'exercici de 1932 del pressupost de l'extingida Diputació de Barcelona per a 1931, segons ha estat modificat per acord de la Diputació provisional, de 30 de desembre de 1931 / Generalitat de Catalunya | ||
| 260 | |a Barcelona : |b (Imp. de la Casa de Caritat), |c 1932 | ||
| 300 | |a 445 p. ; |c 22 cm | ||
| 610 | 1 | 0 | |a Catalunya. |b Generalitat |x Assignacions pressupostàries i despeses |9 55724 |
| 856 | 4 | |u https://media.diba.cat/diba/fitxers/arxiu/mancomunitat/bib_607_1931_1932_baixa.pdf |y Accés lliure | |
| 901 | |a Arxiu | ||
| 942 | |n 1 |2 udc | ||
| 952 | |0 0 |1 0 |4 0 |6 M3168 |7 1 |9 42590 |a Arxiu |b Arxiu |d 2016-12-01 |l 0 |o M-3-168 |p 607 |r 2016-12-01 00:00:00 |w 2016-12-01 |y ARXIU | ||
| 999 | |c 45095 |d 45095 | ||
| 900 | |a bib_607_1931_1932_baixa.pdf | ||